Business students handbook (Record no. 222040)
[ view plain ]
| 000 -LEADER | |
|---|---|
| fixed length control field | 01451nam a22002177a 4500 |
| 005 - DATE AND TIME OF LATEST TRANSACTION | |
| control field | 20220330160119.0 |
| 008 - FIXED-LENGTH DATA ELEMENTS--GENERAL INFORMATION | |
| fixed length control field | 220326b ||||| |||| 00| 0 eng d |
| 020 ## - INTERNATIONAL STANDARD BOOK NUMBER | |
| International Standard Book Number | 9781292304595 |
| 040 ## - CATALOGING SOURCE | |
| Transcribing agency | AL |
| 041 ## - LANGUAGE CODE | |
| Language code of text/sound track or separate title | eng |
| 082 ## - DEWEY DECIMAL CLASSIFICATION NUMBER | |
| Edition number | 23 |
| Classification number | 650.1 |
| Item number | CAMB |
| 100 ## - MAIN ENTRY--PERSONAL NAME | |
| Personal name | Sheila, Cameron |
| 9 (RLIN) | 26144 |
| 245 ## - TITLE STATEMENT | |
| Title | Business students handbook |
| Remainder of title | Skills for study and employment |
| 250 ## - EDITION STATEMENT | |
| Edition statement | 7th ed. |
| 260 ## - PUBLICATION, DISTRIBUTION, ETC. | |
| Place of publication, distribution, etc. | New York |
| Name of publisher, distributor, etc. | Pearson Education |
| Date of publication, distribution, etc. | 2021 |
| 300 ## - PHYSICAL DESCRIPTION | |
| Extent | xxii,518p. |
| Other physical details | PB |
| Dimensions | 24.5x19cm. |
| 365 ## - TRADE PRICE | |
| Source of price type code | General |
| Price type code | 6471 |
| Price amount | ₹2477.23 |
| Currency code | ₹ |
| Unit of pricing | ₹3175.94 |
| Price note | 22% |
| Price effective from | 12-03-2022 |
| 520 ## - SUMMARY, ETC. | |
| Summary, etc. | The Business Student’s Handbook, 7th Edition, by Cameron brings together personal skills, study skills and employability skills to help students succeed in their academic and professional lives. Designed to support both online and face-to-face study, the book discusses transferable skills such as self-management, teamwork, planning and critical thinking to help you become a highly desirable graduate. A strong emphasis on project management, data analysis, communication skills and presentation skills makes this an essential resource for any business student. The TECHSkills boxes focus on your digital skills to ensure you are making the most of the best tools found online. Additionally, this handbook is all about applying theory to practice and covers up-to-date exercises, practical suggestions and tips. |
| 650 ## - SUBJECT ADDED ENTRY--TOPICAL TERM | |
| Source of heading or term | Management |
| Topical term or geographic name entry element | Business |
| 9 (RLIN) | 26145 |
| 942 ## - ADDED ENTRY ELEMENTS (KOHA) | |
| Source of classification or shelving scheme | Dewey Decimal Classification |
| Koha item type | Book |
| Withdrawn status | Lost status | Source of classification or shelving scheme | Damaged status | Not for loan | Collection code | Home library | Current library | Date acquired | Source of acquisition | Cost, normal purchase price | Total Checkouts | Full call number | Barcode | Date last seen | Cost, replacement price | Price effective from | Koha item type |
|---|---|---|---|---|---|---|---|---|---|---|---|---|---|---|---|---|---|
| Dewey Decimal Classification | MCom Finance & Analytics | St Aloysius PG Library | St Aloysius PG Library | 03/14/2022 | Biblios Book Point | 2477.23 | 650.1 CAMB | PG023904 | 08/24/2022 | 3175.94 | 03/26/2022 | Book |